Estudio de Pre factibilidad para la constitución de una óptica llamada TOW en el municipio de Masaya, en el periodo 2022-2027

El presente trabajo se ha desarrollado con el propósito de realizar un estudio de pre factibilidad para la constitución de una óptica en el municipio de Masaya. El estudio tuvo como objetivo general determinar la viabilidad de la constitución de una óptica en el municipio de Masaya, para gener...

Full description

Bibliographic Details
Main Authors: Cuellar Prado, Tael Enrique, Martínez Cantillano, Orlando José, Silva Vallecillo, Walter Enrique
Other Authors: Tutor: Sánchez Alonso, Róger E.
Format: Tesis Section = Libro
Language:Undetermined
Spanish
Published: Managua UNI 2023
Subjects:
LEADER 01510nam a2200289Ia 4500
008 240830s9999 xx 000 0 und d
040 |a BIBLIOTECA-RUPAP/ Mon 658.11 C569 
041 |a spa 
082 |a Mon 658.11 C569 
100 1 |a Cuellar Prado, Tael Enrique 
100 1 |b Martínez Cantillano, Orlando José 
100 1 |c Silva Vallecillo, Walter Enrique 
245 1 0 |a Estudio de Pre factibilidad para la constitución de una óptica llamada TOW en el municipio de Masaya, en el periodo 2022-2027 
260 |a Managua  |b UNI  |c 2023 
300 |a 98 p. :il. 
500 |a Contiene: anexos y CD. 
502 |a Tesis (Ingeniero Industrial) - UNI, 2023. 
520 3 |a El presente trabajo se ha desarrollado con el propósito de realizar un estudio de pre factibilidad para la constitución de una óptica en el municipio de Masaya. El estudio tuvo como objetivo general determinar la viabilidad de la constitución de una óptica en el municipio de Masaya, para generar competitividad y posicionamiento en el mercado; para ello se efectuó los estudios necesarios para comprobar la viabilidad, factibilidad y rentabilidad del proyecto por medio de estudio de mercado, estudio técnico y estudio financiero. 
650 7 |a NUEVOS NEGOCIOS-PROYECTOS 
650 7 |b  ESTUDIOS DE FACTIBILIDAD 
650 7 |c  ESTUDIO DE MERCADO 
650 7 |d  ESTUDIO FINANCIERO 
650 7 |e  OPTICAS-NICARAGUA. 
700 1 |a Tutor:  |b Sánchez Alonso, Róger E. 
942 |c BK  |2 ddc 
991 |a Tesis 
999 |c 27555